Pokemon with Alternate Evolution Methods - Statistics

General Stats
  • This quiz has been taken 40 times
  • The average score is 102 of 145
Answer Stats
Gen. Introduced Method Type Answer % Correct
2 Sun Stone Grass Bellossom
94%
1 Moon Stone Fairy Clefable
94%
1 Happiness Fairy Clefairy
94%
1 Thunder Stone Electric Jolteon
94%
1 Happiness Electric Pikachu
94%
2 Trade with King's Rock Water/Psychic Slowking
94%
1 Water Stone Water Vaporeon
94%
1 Fire Stone Fire Arcanine
88%
2 Happiness during Day Psychic Espeon
88%
1 Fire Stone Fire Flareon
88%
1 Trade Rock/Ground Golem
88%
1 Happiness Normal/Fairy Jigglypuff
88%
1 Lvl 25 w/ move Mimic Psychic/Fairy Mr. Mime
88%
1 Moon Stone Poison/Ground Nidoking
88%
1 Moon Stone Poison/Ground Nidoqueen
88%
1 Fire Stone Fire Ninetales
88%
1 Thunder Stone Electric Raichu
88%
2 Trade with Metal Coat Bug/Steel Scizor
88%
1 Happiness Normal Snorlax
88%
1 Water Stone Water/Psychic Starmie
88%
2 Trade with Metal Coat Steel/Ground Steelix
88%
2 Happiness during Night Dark Umbreon
88%
1 Moon Stone Normal/Fairy Wigglytuff
88%
1 Trade Psychic Alakazam
81%
2 Happiness Normal Blissey
81%
1 Lvl up w/ Oval Stone in Day Normal Chansey
81%
1 Water Stone Water/Ice Cloyster
81%
4 Trade with Reaper Cloth Ghost Dusknoir
81%
4 Dawn Stone Ice/Ghost Froslass
81%
4 Dawn Stone Psychic/Fighting Gallade
81%
1 Trade Ghost/Poison Gengar
81%
4 Near Ice Rock or Use Ice Stone Ice Glaceon
81%
1 Lvl 20 w/ Higher Defense Fighting Hitmonchan
81%
1 Lvl 20 w/ Higher Attack Fighting Hitmonlee
81%
4 Near Moss Rock or Use Leaf Stone Grass Leafeon
81%
1 Trade Fighting Machamp
81%
1 Water Stone Water/Fighting Poliwrath
81%
2 Trade with Up-Grade Normal Porygon2
81%
1 Leaf Stone Grass/Poison Victreebel
81%
1 Leaf Stone Grass/Poison Vileplume
81%
5 Trade with Karrablast Bug Accelgor
75%
2 Happiness Poison/Flying Crobat
75%
1 Leaf Stone Grass/Psychic Exeggutor
75%
3 Trade with Deep Sea Scale Water Gorebyss
75%
2 Lvl 20 w/ same Atk/Def. Fighting Hitmontop
75%
3 Trade with Deep Sea Tooth Water Huntail
75%
2 Trade with Dragon Scale Water/Dragon Kingdra
75%
4 Happiness during the Day Fighting/Steel Lucario
75%
3 Water Stone Water/Grass Ludicolo
75%
2 Have Remoraid in party Water/Flying Mantine
75%
2 Trade with King's Rock Water Politoed
75%
4 Trade with Dubious Disc Normal Porygon-Z
75%
3 Happiness during the Day Grass/Poison Roselia
75%
4 Shiny Stone Grass/Poison Roserade
75%
3 Leaf Stone Grass/Dark Shiftry
75%
8 Land 3 Critical Hits in one battle(Galarian only) Fighting Sirfetch'd
75%
2 Lvl 17 with move Mimic Rock Sudowoodo
75%
2 Sun Stone Grass Sunflora
75%
6 Happiness with Fairy type move Fairy Sylveon
75%
4 Shiny Stone Fairy/Flying Togekiss
75%
2 Happiness Fairy/Flying Togetic
75%
8 Peat Block during Full Moon (Hisuionly) Ground/Normal Ursaluna
75%
8 Scroll of Darkness/Scroll of Waters Fighting/(Dark/Water) Urshifu
75%
4 Hold Razor Claw at Night Dark/Ice Weavile
75%
4 Lvl up with move Double Hit Normal Ambipom
69%
8 Sweet Apple Grass/Dragon Appletun
69%
8 Lose 294 HP from Recoil (White-Stripe only) Water/Ghost Basculegion
69%
5 Dusk Stone Ghost/Fire Chandelure
69%
3 Moon Stone Normal Delcatty
69%
5 Thunder Stone Electric Eelektross
69%
4 Trade with Electirizer Electric Electivire
69%
8 Tart Apple Grass/Dragon Flapple
69%
8 Happiness at Night Ice/Bug Frosmoth
69%
6 Lvl 50 with Rain outside of battle Dragon Goodra
69%
6 Trade Ghost/Grass Gourgeist
69%
4 Dusk Stone Dark/Flying Honchkrow
69%
8 Black Augurite Bug/Rock Kleavor
69%
4 Lvl up with move Rollout Normal Lickilicky
69%
4 Happiness Normal Lopunny
69%
4 Trade with Magmarizer Fire Magmortar
69%
4 Lvl up at Chargestone Cave or Mt.Coronet Electric/Steel Magnezone
69%
6 Lvl 30 with game held upside down Dark/Psychic Malamar
69%
4 Lvl up with move Ancientpower Ground/Ice Mamoswine
69%
2 Happiness Water/Fairy Marill
69%
3 170 Beauty or Trade w/ Prism Scale Water Milotic
69%
4 Dusk Stone Ghost Mismagius
69%
8 Use move Barb Barrage 20 times(Hisui only) Dark/Poison Overqwil
69%
3 Evolve w/ pokeball + party slot open Bug/Ghost Shedinja
69%
5 Water Stone Water Simipour
69%
5 Leaf Stone Grass Simisage
69%
5 Fire Stone Fire Simisear
69%
8 Razor Claw during Day (Hisui only) Fighting/Poison Sneasler
69%
6 Trade Ghost/Grass Trevenant
69%
7 Thunder Stone or at Vast PoniCanyon Bug/Electric Vikavolt
69%
5 Sun Stone Grass/Fairy Whimsicott
69%
8 Use move Psyshield Bash 20 times(Hisui only) Normal/Psychic Wyrdeer
69%
4 Lvl up with move Ancientpower Bug/Flying Yanmega
69%
6 Dusk Stone Steel/Ghost Aegislash
63%
8 Hold Sweet and trainer Spins Fairy Alcremie
63%
9 Use move Rage First 20 times Fighting/Ghost Annihilape
63%
9 Malicious Armor Fire/Ghost Ceruledge
63%
3 Happiness during the Night Psychic Chimecho
63%
7 Lvl up on Mount Lanakila Fighting/Ice Crabominable
63%
5 Trade with Shelmet Bug/Steel Escavalier
63%
6 Shiny Stone Fairy Florges
63%
5 Trade Rock Gigalith
63%
4 Lvl with Razor Fange at Night Ground/Flying Gliscor
63%
8 Lvl with move Taunt Fighting Grapploct
63%
6 Sun Stone Electric/Normal Heliolisk
63%
9 Defeat 3 Bisharp leading Pawniard Pack Dark/Steel Kingambit
63%
5 Sun Stone Grass Lilligant
63%
7 Lvl with move Dragon Pulse Poison/Dragon Naganadel
63%
8 Cracked Pot or Chipped Pot Ghost Polteageist
63%
4 Lvl up Mt. Coronet or ChargestoneCave Rock/Steel Probopass
63%
4 Trade with Protector Rock/Ground Rhyperior
63%
8 Take 49 HP of dmg. without fainting,go to Dusty Bowl (Galarian only) Ground/Ghost Runerigus
63%
6 Trade with Whipped Dream Fairy Slurpuff
63%
7 Lvl up with move Stomp Grass Tsareena
63%
6 Trade with Sachet Fairy Aromatisse
56%
6 Lvl 39 during the Night Rock/Ice Aurorus
56%
5 Shiny Stone Normal Cinccino
56%
5 Trade Fighting Conkeldurr
56%
9 Lvl up with move Hyper Drill Normal Dudunsparce
56%
9 Lvl up in chest form with 999 Gimmighoul coins Steel/Ghost Gholdengo
56%
5 Happiness Bug/Grass Leavanny
56%
7 Lvl 53 Moon/Ultramoon/Shield Psychic/Ghost Lunala
56%
5 Moon Stone Psychic Musharna
56%
8 Lvl 35 at Night (Galarian only) Dark/Normal Obstagoon
56%
6 Lvl 32 with Dark type in party Fighting/Dark Pangoro
56%
9 Lvl up outside pokeball for 1000 steps using Let's Go feature Electric/Fighting Pawmot
56%
9 Fire Stone Grass/Fire Scovillain
56%
7 Lvl 53 Sun/UItrasun/Sword Psychic/Steel Solgaleo
56%
4 Lvl up with move Ancientpower Grass Tangrowth
56%
6 Lvl 39 during the Day Rock/Dragon Tyrantrum
56%
9 Auspicious Armor Fire/Psychic Armarouge
50%
9 Lvl up outside pokeball for 1000 steps using Let's Go feature Grass/Ghost Brambleghast
50%
9 Lvl up with move Twin Beam Normal/Psychic Farigiraf
50%
9 Lvl 38 in Union Circle with other player Water Palafin
50%
5 Happiness Psychic/Flying Swoobat
50%
9 Thunderstone Electric Bellibolt
44%
9 Ice Stone Ice Cetitan
44%
9 Lvl 30 at Night Ghost Houndstone
44%
7 Lvl 37 during the Day Grass Lurantis
44%
9 Lvl up outside pokeball for 1000 stepsusing Let's Go feature Bug/Psychic Rabsca
44%
7 Happiness Normal Silvally
44%
No matching quizzes found
Score Distribution
Percent of People with Each Score
Percentile by Number Answered
Your Score History
You have not taken this quiz